000 01401naa a22003137a 4500
001 BR7904519
003 BR-BrBNA
005 20240918174422.0
007 ta
008 230509b bl.||||| |||| 00| 0 por d
040 _aBR-BrBNA
_bpor
_cBiblioteca Nacional de Agricultura
041 _a(Pt)
072 _aH10
090 _aH10 BR7904519
100 1 _aSantos, J.H.R. dos
100 1 _aLopes, L.O.
245 1 _aPorcentagens de sementes de cultivares de feijao-de-corda, Vigna sinensis (L.)Savi, atacadas pelo Chalcodermus bimaculatus Fiedler, 1936 (Col., Cur.). Terceira lista [Manhoso; Brasil]
246 1 _a[Percentage of cowpea seeds, Vigna sinensis (L.)Savi, injured by the Chalcodermus bimaculatus Fiedler, 1936 (Co l. Cur). Third list [Brazil]]
246 1 _a[The SUDENE/UFC/FCPC CONVENTION. Research programme for bean plant]
_b[Research report - 1978]
260 3 _aFortaleza, CE (Brasil):
_c1979.
500 _aConvenio SUDENE/UFC/FCPC. Programa de pesquisa com a cultura do feijoeiro Fortaleza, CE (Brasil): 1979. p. 49-56 (BR7904519-AM)H10
650 _aPraga de planta
650 _aFeijao de corda
650 _aManhoso
650 _aVariedade resistente
773 0 _tConvenio SUDENE/UFC/FCPC. Programa de pesquisa com a cultura do feijoeiro
_b
_wH10 BR7904519
_gFortaleza, CE (Brasil), 1979. p. 49-56
909 _a202404
_bLucia
_c55
_dLucia Elande
942 _cAM
_2AGRIS
999 _c311112
_d311112